000 00489nam a22001812 4500
001 0000005958
005 20170406121124.0
008 150617s xx 000 0 eng d
020 _c$
040 _aYour Holding Symbol
_cYour Holding Symbol
100 1 _aBest Wilfred D.
245 1 4 _aThe students' companion.
250 _a ed.
260 _aLondon :
_bJohn wright and sons,
_c1985.
300 _a170 p. ;
_c cm.
650 0 _astudent companion.
908 _a150617
999 _c5721
_d5721